Cloud computing in digital library / (Record no. 81210)
[ view plain ]
| 000 -LEADER | |
|---|---|
| fixed length control field | 00677nam a22002057a 4500 |
| 005 - DATE AND TIME OF LATEST TRANSACTION | |
| control field | 20131218111440.0 |
| 010 ## - LCCN (DPL NO) | |
| LC control number | ENG-108858 |
| 020 ## - INTERNATIONAL STANDARD BOOK NUMBER | |
| International Standard Book Number | 9789383158010 |
| Terms of availability | 895.00 |
| 035 ## - SYSTEM CONTROL NUMBER | |
| System control number | EN-92391 |
| 037 ## - SOURCE OF ACQUISITION | |
| Source of stock number/acquisition | DBAD/PUB |
| 082 ## - DEWEY DECIMAL CLASSIFICATION NUMBER | |
| Classification number | 004.6782 |
| 100 ## - MAIN ENTRY--PERSONAL NAME | |
| Personal name | Swain, Chandrakanta |
| 245 ## - TITLE STATEMENT | |
| Title | Cloud computing in digital library / |
| Statement of responsibility, etc | by Chandrakanta Swain [and] Pradip Kumar Nikhandia |
| 260 ## - PUBLICATION, DISTRIBUTION, ETC. (IMPRINT) | |
| Place of publication, distribution, etc | New Delhi |
| Name of publisher, distributor, etc | S.K. Book Agency |
| Date of publication, distribution, etc | 2013 |
| 270 ## - ADDRESS | |
| Address | 5A/12, Ansari Road Daryaganj |
| City | New Delhi |
| Postal code | 110002 |
| 300 ## - PHYSICAL DESCRIPTION | |
| Extent | ix,270p. |
| Dimensions | 22cm(Hb) |
| 500 ## - GENERAL NOTE | |
| General note | Includes bibliographical references and index |
| 700 ## - ADDED ENTRY--PERSONAL NAME | |
| Personal name | Nikhandia, Pradip Kumar |
| 942 ## - ADDED ENTRY ELEMENTS (KOHA) | |
| Source of classification or shelving scheme | Dewey Decimal Classification |
| Item type | English Books |
| Call number suffix | SWA |
| Classification part | 004.6782 |
| Withdrawn status | Lost status | Not for loan | Collection code | Home library | Current library | Date acquired | Source of acquisition | Cost, normal purchase price | Full call number | Barcode | Copy number | Cost, replacement price | Koha item type |
|---|---|---|---|---|---|---|---|---|---|---|---|---|---|
| Not For Loan | Non-fiction | D.B.Act.Division | D.B.Act.Division | 17/12/2013 | DBAD/PUB | 895.00 | 004.6782 SWA | EN-92391 | 1 | 895.00 | English Books |
